|
|
|
|
| LEADER |
00000nam a2200000 a 4500 |
| 001 |
UCP2148 |
| 003 |
CL-VaPUC |
| 008 |
990507e19750000SP |||||||||||||||||spa|d |
| 082 |
0 |
4 |
|a 624.171
|b CRO
|2 21
|
| 100 |
0 |
|
|a Croll, J. G
|e author
|9 428651
|
| 700 |
0 |
|
|a Walker, A. C
|e author
|9 428652
|
| 245 |
1 |
0 |
|a Elementos de estabilidad estructural
|
| 300 |
|
|
|a 229 p
|
| 942 |
|
|
|c BK
|
| 945 |
|
|
|d 19990507 00:00:00
|a cmena
|
| 260 |
|
|
|a Barcelona
|b Reverté
|c 1975
|
| 650 |
|
0 |
|a Análisis estructural mecánico
|9 363908
|
| 650 |
|
0 |
|a Propiedades mecánicas
|9 262507
|
| 650 |
|
0 |
|a Elementos estructurales
|9 350100
|
| 650 |
|
7 |
|a METODOS ANALITICOS
|2 CL-VaPUC
|9 358863
|
| 583 |
|
|
|a last modification
|c 19990507 00:00:00
|k Rodrigo Vera
|
| 999 |
|
|
|c 280730
|d 280728
|